| 000 | 00637nam a2200241Ia 4500 | ||
|---|---|---|---|
| 008 | 170711s9999 xx 000 0 und d | ||
| 020 | _a9780545384872 | ||
| 050 | _a332.02 | ||
| 050 | _bA283 2012 | ||
| 100 | _aAguilar, Pido | ||
| 245 | 4 | _aThe 7 heartsets of true abundance! / | |
| 245 | _cby Pido Aguilar. | ||
| 260 | _aPhilippines : | ||
| 260 | _bAbundance Corporate Training for all!, | ||
| 260 | _c2012 | ||
| 300 | _a180 pages : | ||
| 300 | _billustrations ; | ||
| 300 | _c17cm. | ||
| 500 | _aIncludes bibliographic reference. | ||
| 650 | _aFinance, Personal -- | ||
| 650 | _xReligious aspect. | ||
| 700 | _aTitle. | ||
| 999 |
_c339951 _d339951 |
||